000 00227nam a2200121Ia 4500
100 _a#N/A
942 _cBK
654 _aMUSIC
245 _aPlayware ; 12 free music album
260 _b#N/A
546 _aENGLISH
999 _c31222
_d31222